000 00727nam a22002297a 4500
001 0011614
003 DO-SdBNP
005 20170914131426.0
007 0011614
008 161012b 2005 sp||||| |||| 00| 0 spa d
020 _a97884029405477
040 _aBPMSU
_bspa
_cBPMSU
082 4 _aR 463
_bD545e
245 0 0 _aDiccionario del estudiante /
_credactores Marta Criado González ... [et al.] ; coordinadora Elena Zamora
260 _aBarcelona :
_bReal Academia Española,
_bSantillana,
_c2005.
300 _axxv, 1537 p. ;
_c25 cm.
650 _aESPAÑOL
_vDICCIONARIOS
910 _aValidado. Control de calidad MFF
942 _2ddc
_cBK
945 _aInventariado / 2017 VM
956 _aBTAVÁREZ
_b10
_c20161012
_d0011614
999 _c11560
_d11560